Interpersonal psychotherapy / (Record no. 361679)
[ view plain ]
| 000 -LEADER | |
|---|---|
| fixed length control field | 00500nam a2200145Ia 4500 |
| 008 - FIXED-LENGTH DATA ELEMENTS--GENERAL INFORMATION | |
| fixed length control field | 190426s9999 xx 000 0 und d |
| 020 ## - INTERNATIONAL STANDARD BOOK NUMBER | |
| International Standard Book Number | 9781433808517 |
| 100 ## - MAIN ENTRY--PERSONAL NAME | |
| Personal name | Frank, Ellen.-- |
| 245 ## - TITLE STATEMENT | |
| Statement of responsibility, etc | Ellen Frank, Jessica C. Levenson.-- |
| Title | Interpersonal psychotherapy / |
| 260 ## - PUBLICATION, DISTRIBUTION, ETC. (IMPRINT) | |
| Place of publication, distribution, etc | USA : |
| Name of publisher, distributor, etc | American psychological association |
| Date of publication, distribution, etc | 2011 |
| 300 ## - PHYSICAL DESCRIPTION | |
| Extent | xiii, 154 pages. |
| 500 ## - GENERAL NOTE | |
| General note | Includes bibliographical references and index. |
| 650 ## - SUBJECT ADDED ENTRY--TOPICAL TERM | |
| Topical term or geographic name as entry element | Interpersonal psychotheraphy. |
| 650 ## - SUBJECT ADDED ENTRY--TOPICAL TERM | |
| Topical term or geographic name as entry element | Psychology -- Methods. |
| Withdrawn status | Lost status | Source of classification or shelving scheme | Damaged status | Home library | Current library | Shelving location | Date acquired | Source of acquisition | Total Checkouts | Total Renewals | Full call number | Barcode | Date last seen | Date last borrowed | Price effective from | Koha item type |
|---|---|---|---|---|---|---|---|---|---|---|---|---|---|---|---|---|
| Library of Congress Classification | College Library | College Library | General Circulation Section | 04/26/2019 | LIBRARY FUND | 1 | 5 | RC 489.I55 .F73 2011 | C21802 | 08/09/2022 | 05/19/2022 | 04/26/2019 | Books |